00486 2200193 4500001002100000005001500021008004100036020002200077035001900099041000700118082001100125090001700136100001700153245003300170260003100203300003100234500001000265650001700275INLIS00000000000221420241224112509241224||||||||| | ||| |||| || |  a978-602-0989-20-4 0010-1224002214 aid0 a612.66 a612.66 MON b0 aF. B. Monika00aBuku Pintar Asi Dan Menyusui aJakartabNoura Booksc2014 axiii,270 hlm.:ilus.;24 cm. aCet.1 0aBuku Panduan